Born in Marseille - Statistics

General Stats
  • This quiz has been taken 35 times
  • The average score is 6 of 13
Answer Stats
Hint Answer % Correct
former international player and Ballon d'Or winner (Real Madrid and Juventus) and the first coach to win the Champions League three times in a row 1972 Zinédine Zidane
97%
Former international player (Manchester United and Olympique Marseille) and actor 1966 Éric Cantona
77%
Rapper, "Tchikita" "Ma Jolie" 1990 Jul
77%
French international player, Bayern Munich 1996 Lucas Hernandez
60%
French international player, AC Milan 1997 Théo Hernandez
57%
Rapper, "Le coach" "Mon précieux" 1979 Soprano
53%
Rapper, "Les menottes" "Va Bene" 181 L'Algérino
50%
Former International player (Manchester City and Arsenal) 1987 Samir Nasri
50%
Actor, well known for his portrayal of Don Camillo in the "Don Camillo" series 1903 Fernandel
33%
Writer, "Cyrano de Bergerac" 1868 Edmond Rostand
23%
Former international player (Olympique Lyon), "the female Zidane" 1987 Louisa Necib
17%
Painter and producer of caricatures, one of the most famous French artists of the 19th century 1808 Honoré Daumier
13%
Australian conoeist and Olympic champion 1994 Jessica Fox
10%
No matching quizzes found
Score Distribution
Percent of People with Each Score
Percentile by Number Answered
Your Score History
You have not taken this quiz